Cacing dan penyakit manusia

Bibliographic Details
Main Author: Wahab A.Rahman
Format: Book
Published: Kuala Lumpur : Dewan Bahasa Dan Pustaka , 1993
Subjects:

MARC

LEADER 00000cam a2200000 7i4500
001 0000009756
002 000010622
005 20011029.0
020 |a 9836231463 
090 0 0 |a 616.962   |b WAH 
100 0 |a Wahab A.Rahman 
245 1 0 |a Cacing dan penyakit manusia   |c Wahab A.Rahman 
260 |a Kuala Lumpur :   |b Dewan Bahasa Dan Pustaka ,   |c 1993 
300 |a 141p. ;   |c 23cm. 
650 0 0 |a Helminths 
999 |a 054369   |b BUKU   |c PINJAMAN   |e PERPUSTAKAAN KOMUNITI PETALING JAYA 
999 |a 054370   |b BUKU   |c PINJAMAN   |e PERPUSTAKAAN KOMUNITI PETALING JAYA